Great captains unveiled (Record no. 549765)

000 -LEADER
fixed length control field 00668cam a22001571 4500
082 00 - DEWEY DECIMAL CLASSIFICATION NUMBER
Classification number 950.2
Author Mark HAR
-- L-30-I, P-17
100 1# - MAIN ENTRY--PERSONAL NAME
Personal name Hart, b.h Liddell
9 (RLIN) 46426
245 10 - TITLE STATEMENT
Title Great captains unveiled
Statement of responsibility, etc. B.H. Liddell Hart.
260 ## - PUBLICATION, DISTRIBUTION, ETC.
Place of publication, distribution, etc. Freeport, N.Y.,
Name of publisher, distributor, etc. Books for Libraries Press
Date of publication, distribution, etc. [1967]
300 ## - PHYSICAL DESCRIPTION
Extent 274 p.
Other physical details maps.
Dimensions 22 cm.
500 ## - GENERAL NOTE
General note Reprint of the 1928 ed.
505 0# - FORMATTED CONTENTS NOTE
Formatted contents note Jenghiz Khan and Sabutai.--Marechal de Saxe, military prophet.--Gustavus Adolphus, founder of modern war.--Wallenstein, the enigma of modern history.--General Wolfe, grandsire of the United States, 1727-1759.
526 ## - STUDY PROGRAM INFORMATION NOTE
Program name 0
Interest level 0
Reading level 0
Title point value 950_200000000000000_HAR
650 ## - SUBJECT ADDED ENTRY--TOPICAL TERM
Topical term or geographic name entry element MCE
9 (RLIN) 379
942 ## - ADDED ENTRY ELEMENTS (KOHA)
Source of classification or shelving scheme
Koha item type Book
Holdings
Withdrawn status Lost status Source of classification or shelving scheme Damaged status Not for loan Permanent Location Current Location Date acquired Total Checkouts Full call number Barcode Date last seen Price effective from Koha item type
          Military College of Engineering (MCE) Military College of Engineering (MCE) 10/14/2014   950.2 HAR MCE-5433 10/14/2014 10/14/2014 Book
© 2023 Central Library, National University of Sciences and Technology. All Rights Reserved.